[Event "Muensterland Verbandsliga 2122"]
[Site "Germany"]
[Date "2021.11.13"]
[Round "2.2"]
[White "Hanewinkel, Winfried"]
[Black "Luecke, Thomas"]
[Result "1/2-1/2"]
[WhiteElo "1871"]
[BlackElo "1874"]
[PlyCount "51"]
[EventDate "2021.10.02"]
[EventType "team-tourn"]
[EventRounds "2"]
[EventCountry "GER"]
[SourceTitle "EXT 2023"]
[Source "ChessBase"]
[SourceDate "2022.10.05"]
[SourceVersion "1"]
[SourceVersionDate "2022.10.05"]
[SourceQuality "1"]
[WhiteTeam "Beelen"]
[BlackTeam "Emsdetten Rochade II"]
[WhiteTeamCountry "GER"]
[BlackTeamCountry "GER"]

1. d4 d5 2. c4 c6 3. Nc3 Nf6 4. Nf3 dxc4 5. a4 Bf5 6. e3 e6 7. Bxc4 Nbd7 8. Qb3 Qb6 9. 0-0 Qxb3 10. Bxb3 Bb4 11. Bd2 0-0 12. Rfe1 h6 13. Nb1 Bd6 14. Bc3 Ne4 15. Nbd2 Nb6 16. Rec1 Nd5 17. Nxe4 Bxe4 18. Nd2 Bd3 19. Bc2 Bxc2 20. Rxc2 Nb4 21. Bxb4 Bxb4 22. Nc4 Rad8 23. Kf1 Rd5 24. g3 Rfd8 25. Ke2 f6 26. Rac1 1/2-1/2

[Event "Muensterland Verbandsliga 1920"]
[Site "Germany"]
[Date "2020.02.22"]
[Round "7.2"]
[White "Da Costa Campos, Andre"]
[Black "Luecke, Thomas"]
[Result "1/2-1/2"]
[WhiteElo "1895"]
[BlackElo "1833"]
[PlyCount "64"]
[EventDate "2019.09.07"]
[EventType "team-tourn"]
[EventRounds "7"]
[EventCountry "GER"]
[SourceTitle "EXT 2023"]
[Source "ChessBase"]
[SourceDate "2022.10.05"]
[SourceVersion "1"]
[SourceVersionDate "2022.10.05"]
[SourceQuality "1"]
[WhiteTeam "Nienberge II"]
[BlackTeam "Emsdetten Rochade II"]
[WhiteTeamCountry "GER"]
[BlackTeamCountry "GER"]

1. e4 c6 2. d4 d5 3. exd5 cxd5 4. c4 Nf6 5. Nc3 e6 6. Nf3 Bb4 7. cxd5 Nxd5 8. Bd2 Nc6 9. Bd3 0-0 10. 0-0 Be7 11. a3 Bf6 12. Be3 Nxc3 13. bxc3 Bd7 14. Qb1 g6 15. Qxb7 Rb8 16. Qa6 Rb3 17. Rfc1 Rb6 18. Qa4 Nxd4 19. Qxa7 Nxf3+ 20. gxf3 Rb3 21. Qc5 Be7 22. Qd4 Bc6 23. Be4 Qxd4 24. Bxd4 Bxe4 25. fxe4 Rxa3 26. Rxa3 Bxa3 27. Rb1 Rc8 28. Kg2 Kf8 29. Rb7 Bd6 30. e5 Bc5 31. Rb3 Bxd4 32. cxd4 Rc4 1/2-1/2

[Event "Muensterland Verbandsliga 1718"]
[Site "Germany"]
[Date "2018.02.10"]
[Round "6.7"]
[White "Stumpe, Danny"]
[Black "Luecke, Thomas"]
[Result "1/2-1/2"]
[WhiteElo "1685"]
[BlackElo "1831"]
[PlyCount "45"]
[EventDate "2017.09.09"]
[EventType "team-tourn"]
[EventRounds "9"]
[EventCountry "GER"]
[SourceTitle "EXT 2019"]
[Source "ChessBase"]
[SourceDate "2018.10.10"]
[SourceVersion "1"]
[SourceVersionDate "2018.10.10"]
[SourceQuality "1"]
[WhiteTeam "Muenster SK IV"]
[BlackTeam "Emsdetten Rochade II"]
[WhiteTeamCountry "GER"]
[BlackTeamCountry "GER"]

1. e4 c6 2. c3 d5 3. exd5 cxd5 4. Nf3 Nc6 5. d4 Nf6 6. Bf4 e6 7. Bd3 Bd6 8. Bg5 h6 9. Bh4 Bd7 10. Nbd2 a6 11. Qe2 Qc7 12. Bg3 Bxg3 13. hxg3 Na7 14. Nb3 Bb5 15. Nc5 Bxd3 16. Qxd3 Nc6 17. 0-0 0-0 18. Qe2 Nd7 19. Nd3 Rac8 20. Rfe1 Na5 21. Nf4 Rfe8 22. Nh2 Nc4 23. Rab1 1/2-1/2

[Event "Muensterland Verbandsliga 1617"]
[Site "Germany"]
[Date "2017.02.25"]
[Round "7.2"]
[White "Luecke, Thomas"]
[Black "Hanewinkel, Winfried"]
[Result "0-1"]
[WhiteElo "1825"]
[BlackElo "1901"]
[PlyCount "60"]
[EventDate "2016.09.10"]
[EventType "team"]
[EventRounds "9"]
[EventCountry "GER"]
[SourceTitle "EXT 2018"]
[Source "ChessBase"]
[SourceDate "2017.10.13"]
[SourceVersion "1"]
[SourceVersionDate "2017.10.13"]
[SourceQuality "1"]
[WhiteTeam "Emsdetten Rochade II"]
[BlackTeam "Beelen"]
[WhiteTeamCountry "GER"]
[BlackTeamCountry "GER"]

1. Nf3 d5 2. d4 Nf6 3. e3 Bg4 4. b3 e6 5. Bb2 Bb4+ 6. c3 Be7 7. Nbd2 0-0 8. Bd3 Nbd7 9. c4 c5 10. h3 Bh5 11. 0-0 cxd4 12. exd4 Rc8 13. a3 Bd6 14. Qc2 Qc7 15. Rac1 Bf4 16. g4 Bg6 17. Bxg6 hxg6 18. Qd3 Qb8 19. c5 Ne4 20. Rc2 f5 21. Nxe4 fxe4 22. Qb5 Rf7 23. Nh4 Nf8 24. Qe2 g5 25. Ng2 Bh2+ 26. Kh1 Ng6 27. Bc1 Rf3 28. Ne1 Rxh3 29. Kg2 Rxb3 30. Bxg5 Bf4 0-1

[Event "Muensterland Verbandsliga 1617"]
[Site "Germany"]
[Date "2016.09.10"]
[Round "1.3"]
[White "Luecke, Thomas"]
[Black "Voss, Norbert"]
[Result "1/2-1/2"]
[WhiteElo "1825"]
[BlackElo "1823"]
[PlyCount "53"]
[EventDate "2016.09.10"]
[EventType "team"]
[EventRounds "9"]
[EventCountry "GER"]
[SourceTitle "EXT 2018"]
[Source "ChessBase"]
[SourceDate "2017.10.13"]
[SourceVersion "1"]
[SourceVersionDate "2017.10.13"]
[SourceQuality "1"]
[WhiteTeam "Emsdetten Rochade II"]
[BlackTeam "Muenster SK IV"]
[WhiteTeamCountry "GER"]
[BlackTeamCountry "GER"]

1. Nf3 d6 2. d4 Bg4 3. e4 Nf6 4. Bd3 Nbd7 5. Be3 e5 6. c3 Be7 7. Nbd2 c6 8. h3 Bh5 9. Qc2 Qc7 10. 0-0 0-0 11. b4 Rad8 12. c4 Bxf3 13. Nxf3 exd4 14. Nxd4 Qb8 15. Nf5 Rfe8 16. Nxe7+ Rxe7 17. Rfd1 Ne5 18. f3 Ng6 19. Qa4 a6 20. Rd2 d5 21. Bc5 Red7 22. exd5 cxd5 23. Bxg6 hxg6 24. cxd5 Rxd5 25. Rxd5 Rxd5 26. Rd1 Qd8 27. Rxd5 1/2-1/2

[Event "Muensterland Regionalliga 1314"]
[Site "Germany"]
[Date "2013.11.16"]
[Round "3.6"]
[White "Luecke, Thomas"]
[Black "Preuss, Richard"]
[Result "0-1"]
[WhiteElo "1859"]
[BlackElo "1742"]
[PlyCount "58"]
[EventDate "2013.09.07"]
[EventType "team-tourn"]
[EventRounds "9"]
[EventCountry "GER"]
[SourceTitle "EXT 2015"]
[Source "ChessBase"]
[SourceDate "2014.11.20"]
[SourceVersion "1"]
[SourceVersionDate "2014.11.20"]
[SourceQuality "1"]
[WhiteTeam "Emsdetten Rochade"]
[BlackTeam "Olfen"]
[WhiteTeamCountry "GER"]
[BlackTeamCountry "GER"]

1. c4 e6 2. Nc3 d5 3. d4 c6 4. Nf3 Nf6 5. Bg5 Nbd7 6. e3 Be7 7. Bd3 0-0 8. cxd5 exd5 9. 0-0 Re8 10. Rc1 Nf8 11. Qc2 Bd7 12. a3 Rc8 13. b4 h6 14. Bh4 a5 15. Qb3 axb4 16. axb4 Ne4 17. Bxe7 Qxe7 18. Na4 Bg4 19. Qb2 Bxf3 20. gxf3 Ng5 21. Be2 Nh3+ 22. Kh1 Ng6 23. Bd1 Nh4 24. f4 Qe4+ 25. f3 Qxe3 26. Nc5 Qe1 27. Ba4 Qe3 28. Nxb7 Qxf4 29. Bxc6 Rxc6 0-1

[Event "Muensterland Regionalliga 1314"]
[Site "Germany"]
[Date "2013.09.07"]
[Round "1.7"]
[White "Luecke, Thomas"]
[Black "Bruemmer, Andreas"]
[Result "0-1"]
[WhiteElo "1859"]
[BlackElo "1894"]
[PlyCount "118"]
[EventDate "2013.09.07"]
[EventType "team-tourn"]
[EventRounds "9"]
[EventCountry "GER"]
[SourceTitle "EXT 2015"]
[Source "ChessBase"]
[SourceDate "2014.11.20"]
[SourceVersion "1"]
[SourceVersionDate "2014.11.20"]
[SourceQuality "1"]
[WhiteTeam "Emsdetten Rochade"]
[BlackTeam "Rheine Klein Berlin"]
[WhiteTeamCountry "GER"]
[BlackTeamCountry "GER"]

1. c4 f5 2. Nc3 Nf6 3. g3 g6 4. Bg2 Bg7 5. d3 d6 6. e3 e5 7. Nge2 Nc6 8. a3 a5 9. Bd2 0-0 10. 0-0 Be6 11. Qb3 Rb8 12. Nd5 Qd7 13. Nxf6+ Bxf6 14. Qb5 Rfd8 15. Nc3 g5 16. Nd5 Bg7 17. Bxa5 Nxa5 18. Qxa5 c6 19. Nc3 f4 20. exf4 gxf4 21. Ne4 h6 22. Qd2 Rf8 23. Qd1 Rbd8 24. Re1 Rf7 25. Bf3 fxg3 26. fxg3 Bh3 27. Bg2 Bxg2 28. Kxg2 Rdf8 29. Re2 d5 30. cxd5 cxd5 31. Nc3 Qg4 32. Rd2 Qd4 33. Qe1 Rf3 34. Rad1 h5 35. Qg1 Qg4 36. Kh1 Qe6 37. Re2 Qc6 38. Qg2 Kh8 39. Rc2 Qe6 40. Re2 Kg8 41. Rb1 Rxd3 42. Rf1 Rxf1+ 43. Qxf1 e4 44. Nd1 Qf6 45. Rf2 Qc6 46. Qe2 Qc1 47. Rf1 Qg5 48. Qc2 Rd2 49. Qc8+ Kh7 50. Nc3 Rxb2 51. Na4 Ra2 52. Nc5 e3 53. Qxb7 e2 54. Re1 Qf5 55. Kg1 Kh6 56. Qb6+ Kh7 57. Qb7 Qe5 58. Ne6 Qxe6 59. Qb1+ Qe4 0-1

[Event "Muensterland Verbandsklasse-B 1213"]
[Site "Germany"]
[Date "2013.02.23"]
[Round "6.5"]
[White "Luecke, Thomas"]
[Black "Kloster, Daniel"]
[Result "1-0"]
[WhiteElo "1882"]
[BlackElo "1634"]
[PlyCount "133"]
[EventDate "2012.09.15"]
[EventType "team-tourn"]
[EventRounds "9"]
[EventCountry "GER"]
[SourceTitle "EXT 2015"]
[Source "ChessBase"]
[SourceDate "2014.11.20"]
[SourceVersion "1"]
[SourceVersionDate "2014.11.20"]
[SourceQuality "1"]
[WhiteTeam "Emsdetten Rochade"]
[BlackTeam "Stadtlohn"]
[WhiteTeamCountry "GER"]
[BlackTeamCountry "GER"]

1. c4 e5 2. g3 Nc6 3. Nc3 Nf6 4. Bg2 Bc5 5. e3 0-0 6. Nge2 d6 7. a3 Be6 8. b4 Bb6 9. Nd5 Bxd5 10. cxd5 Ne7 11. Qb3 a6 12. Bb2 Re8 13. 0-0 Rc8 14. Rac1 c6 15. dxc6 Nxc6 16. Nc3 Rc7 17. Nd5 Nxd5 18. Bxd5 Qd7 19. f4 Nd8 20. Rxc7 Bxc7 21. f5 Kf8 22. f6 gxf6 23. Rxf6 Kg7 24. Rf1 f6 25. Qc4 Rf8 26. Qh4 b6 27. Be4 h6 28. Bf5 Qf7 29. Rc1 b5 30. Qg4+ Kh8 31. Bg6 Qg7 32. Qf5 Bb6 33. Rc8 Qa7 34. Qe4 Kg7 35. Bf5 Qb7 36. Qg4+ Kh8 37. Qg6 Qg7 38. Qxg7+ Kxg7 39. Ra8 a5 40. Rb8 Bc7 41. Rxb5 axb4 42. axb4 Nc6 43. Rb7 Rf7 44. Ba3 Nd8 45. Ra7 Nc6 46. Ra6 Nb8 47. Ra8 Nd7 48. Ra7 Nb6 49. b5 Nc4 50. Be6 Nxa3 51. Bxf7 Nxb5 52. Rb7 Kxf7 53. Rxb5 Bd8 54. Rb7+ Be7 55. e4 Ke6 56. Kf2 Kf7 57. Kg2 Ke6 58. Kh3 h5 59. Kh4 f5+ 60. Kxh5 fxe4 61. Kg6 Bd8 62. h4 Ba5 63. Rb2 d5 64. h5 d4 65. h6 Bd8 66. h7 Bf6 67. Rb6+ 1-0

[Event "Muensterland Verbandsklasse-B 0910"]
[Site "Germany"]
[Date "2010.01.30"]
[Round "6.3"]
[White "Hanewinkel, Martin"]
[Black "Luecke, Thomas"]
[Result "0-1"]
[WhiteElo "1847"]
[BlackElo "1817"]
[PlyCount "102"]
[EventDate "2009.09.19"]
[EventType "team-tourn"]
[EventRounds "9"]
[EventCountry "GER"]
[SourceTitle "EXT 2011"]
[Source "ChessBase"]
[SourceDate "2010.11.26"]
[SourceVersion "1"]
[SourceVersionDate "2010.11.26"]
[SourceQuality "1"]
[WhiteTeam "Beelen"]
[BlackTeam "Emsdetten Rochade"]
[WhiteTeamCountry "GER"]
[BlackTeamCountry "GER"]

1. d4 Nf6 2. Nf3 e6 3. Bf4 b6 4. c3 Bb7 5. e3 Ne4 6. h4 Be7 7. Bd3 d6 8. Bxe4 Bxe4 9. Nbd2 Bb7 10. e4 c5 11. dxc5 dxc5 12. e5 Qd3 13. Qe2 Ba6 14. Qe4 0-0 15. 0-0-0 Qd5 16. Ng5 Qxe4 17. Ndxe4 h6 18. Nf3 Nc6 19. Rd2 Rfd8 20. Rhd1 Rxd2 21. Rxd2 Rd8 22. Rxd8+ Bxd8 23. Nd6 Be2 24. Bg3 Bxf3 25. gxf3 h5 26. Kd2 Ne7 27. Ne4 Ng6 28. Ng5 Bxg5+ 29. hxg5 Kf8 30. Kd3 Ke8 31. f4 Kd7 32. b4 Kc6 33. a4 cxb4 34. cxb4 Kd5 35. f3 a6 36. Kc3 b5 37. axb5 axb5 38. Kd3 Ne7 39. Bf2 Nf5 40. Bc5 h4 41. Ke2 Kc4 42. Kf2 Nd4 43. Kg2 g6 44. Kh3 Nc2 45. Kxh4 Nxb4 46. Bd6 Nd3 47. Kg4 b4 48. f5 exf5+ 49. Kg3 b3 50. Ba3 b2 51. Bxb2 Nxb2 0-1

[Event "Muensterland Verbandsklasse-B 0910"]
[Site "Germany"]
[Date "2010.01.09"]
[Round "5.3"]
[White "Virnyi, Julius"]
[Black "Luecke, Thomas"]
[Result "1/2-1/2"]
[WhiteElo "1966"]
[BlackElo "1817"]
[PlyCount "32"]
[EventDate "2009.09.19"]
[EventType "team-tourn"]
[EventRounds "9"]
[EventCountry "GER"]
[SourceTitle "EXT 2011"]
[Source "ChessBase"]
[SourceDate "2010.11.26"]
[SourceVersion "1"]
[SourceVersionDate "2010.11.26"]
[SourceQuality "1"]
[WhiteTeam "Muenster SK III"]
[BlackTeam "Emsdetten Rochade"]
[WhiteTeamCountry "GER"]
[BlackTeamCountry "GER"]

1. d4 Nf6 2. Nf3 e6 3. c4 d5 4. g3 dxc4 5. Qa4+ Bd7 6. Qxc4 Bc6 7. Bg2 Nbd7 8. 0-0 Nb6 9. Qc2 Be4 10. Qd1 Be7 11. Nc3 Bxf3 12. Bxf3 c6 13. e4 0-0 14. Be3 Nc4 15. Qe2 Nxe3 16. Qxe3 Qa5 1/2-1/2

[Event "Muensterland Verbandsklasse-B 0910"]
[Site "Germany"]
[Date "2009.09.19"]
[Round "1.3"]
[White "Luetkehermoelle, Martin"]
[Black "Luecke, Thomas"]
[Result "0-1"]
[WhiteElo "1926"]
[BlackElo "1817"]
[PlyCount "64"]
[EventDate "2009.09.19"]
[EventType "team-tourn"]
[EventRounds "9"]
[EventCountry "GER"]
[SourceTitle "EXT 2011"]
[Source "ChessBase"]
[SourceDate "2010.11.26"]
[SourceVersion "1"]
[SourceVersionDate "2010.11.26"]
[SourceQuality "1"]
[WhiteTeam "Ochtrup"]
[BlackTeam "Emsdetten Rochade"]
[WhiteTeamCountry "GER"]
[BlackTeamCountry "GER"]

1. e4 c5 2. Nc3 Nc6 3. Bb5 Nd4 4. Bc4 e6 5. Nge2 d6 6. d3 Be7 7. Be3 Qb6 8. Bb3 Bd7 9. 0-0 Nf6 10. Ng3 0-0 11. f4 a5 12. f5 a4 13. fxe6 fxe6 14. Bxd4 cxd4 15. Nxa4 Rxa4 16. Bxa4 Bxa4 17. b3 Bd7 18. a4 Qc5 19. h3 Rc8 20. Ra2 Qg5 21. Qe1 h5 22. Ne2 e5 23. Ng3 g6 24. Rf3 h4 25. Ne2 d5 26. c3 dxe4 27. dxe4 Bc6 28. cxd4 Bxe4 29. Rf2 exd4 30. Nf4 Bd6 31. Ne6 Qg3 32. Rf1 Qh2+ 0-1

[Event "Muensterland Verbandsklasse-A 0809"]
[Site "Germany"]
[Date "2008.11.08"]
[Round "3.2"]
[White "Luecke, Thomas"]
[Black "Hofene, Dieter"]
[Result "1/2-1/2"]
[WhiteElo "1805"]
[BlackElo "1867"]
[PlyCount "34"]
[EventDate "2008.09.13"]
[EventType "team-tourn"]
[EventRounds "9"]
[EventCountry "GER"]
[SourceTitle "EXT 2010"]
[Source "ChessBase"]
[SourceDate "2010.11.25"]
[SourceVersion "1"]
[SourceVersionDate "2010.11.25"]
[SourceQuality "1"]
[WhiteTeam "Emsdetten Rochade"]
[BlackTeam "Beelen"]
[WhiteTeamCountry "GER"]
[BlackTeamCountry "GER"]

1. d4 Nf6 2. Nf3 h6 3. c4 g5 4. Nc3 g4 5. Nd2 d6 6. h3 gxh3 7. g3 Nc6 8. e3 Rg8 9. Bxh3 Bxh3 10. Rxh3 Qd7 11. Rh4 Rg4 12. Rxg4 Nxg4 13. Qf3 e5 14. d5 Ne7 15. e4 f5 16. exf5 Qxf5 17. Qxf5 Nxf5 1/2-1/2